| 000 | 00540nam a22001577a 4500 | ||
|---|---|---|---|
| 003 | macl | ||
| 005 | 20190322132146.0 | ||
| 008 | 190322b xxu||||| |||| 00| 0 eng d | ||
| 040 | _cmacl | ||
| 082 | _a001 | ||
| 100 |
_aमिश्रा ,डॉ एम के _973900 |
||
| 245 | _aहिन्दी साहित्य प्रश्नोतरी | ||
| 260 |
_aदिल्ली _bसावित्री प्रकाशन _c2014 |
||
| 650 |
_aसामान्य ज्ञान _9328 |
||
| 942 |
_2ddc _cHIN |
||
| 999 |
_c59079 _d59079 |
||